Ropa minulosť a budúcnosť na Blízkom východe
Charakter a poslanie organizácie krajín vyvážajúcich ropu - OPEC. Ropa ako ekonomický a politický činiteľ. Krátkodobé a strednodobé vyhliadky pre ropný priemysel. Budúci vývoj trhu s energiou. Scenár OPEC-u. Scenár Svetového ekonomického fóra.
Salvato in:
| Autore principale: | |
|---|---|
| Altri autori: | |
| Natura: | Capitolo di libro |
| Lingua: | slovacco |
| Soggetti: | |
| Tags: |
Nessun Tag, puoi essere il primo ad aggiungerne!!
|
MARC
| LEADER | 00000naa$a2200000$$$4500 | ||
|---|---|---|---|
| 001 | 0053041 | ||
| 005 | 20240502071618.9 | ||
| 041 | 0 | |a slo | |
| 044 | |a SK | ||
| 245 | 1 | 0 | |a Ropa minulosť a budúcnosť na Blízkom východe |c Marek Csabay, Katarína Havlová |
| 520 | |a Charakter a poslanie organizácie krajín vyvážajúcich ropu - OPEC. Ropa ako ekonomický a politický činiteľ. Krátkodobé a strednodobé vyhliadky pre ropný priemysel. Budúci vývoj trhu s energiou. Scenár OPEC-u. Scenár Svetového ekonomického fóra. | ||
| 610 | 2 | 0 | |a ropa |
| 610 | 2 | 0 | |a plyn zemný |
| 610 | 2 | 0 | |a zdroje energie |
| 610 | 2 | 0 | |a zdroje energie obnoviteľné |
| 610 | 2 | 0 | |a spolupráca medzinárodná |
| 610 | 2 | 0 | |a organizácie medzinárodné |
| 610 | 2 | 0 | |a investície |
| 610 | 2 | 0 | |a sektor súkromný |
| 610 | 2 | 0 | |a globalizácia |
| 610 | 2 | 0 | |a Blízky východ |
| 100 | 1 | |a Csabay, Marek | |
| 700 | 1 | |a Havlová, Katarína | |